| 000 | 01233nam a22003137a 4500 | ||
|---|---|---|---|
| 003 | CHAP | ||
| 005 | 20220329143730.0 | ||
| 008 | 110428d1958 es a r 00010 spa d | ||
| 010 | _a101068 | ||
| 011 | _a102040 | ||
| 035 | _a112728 | ||
| 040 | _cCHAP | ||
| 082 | 0 | 4 |
_a546.02 _bB73 |
| 100 | 0 | 0 |
_aBrauer, Georg. _915093 |
| 245 | 1 | 0 |
_aQuímica inorgánica preparativa : _btécnicas generales de laboratorio y métodos preparativos de substancias inorgánicas de interés en la investigación científica, pura o aplicada _c/por Georg Brauer |
| 260 |
_aBarcelona : _bReverté, _c1958 |
||
| 300 |
_a1189 p. : _bilus., tablas |
||
| 534 |
_pTít. original _tHandbuch der praparativen anorganischen chemie : _cSttutgart : Ferdinand Enke Berlang, |
||
| 590 |
_aBATCH-UPD _b10 _c20130110 _lUCH01 _h1715 |
||
| 590 |
_aBATCH-UPD _b10 _c20130410 _lUCH01 _h1100 |
||
| 590 |
_aBATCH-UPD _b10 _c20130914 _lUCH01 _h0750 |
||
| 590 |
_aCONVERSION _b10 _c20130109 _lUCH01 _h1356 |
||
| 650 | 1 | 4 |
_aQuímica inorgánica _xManuales de laboratorio. _993595 |
| 650 | 1 | 4 |
_aQuímica _xFórmulas. _993561 |
| 650 | 1 | 4 |
_aQuímica _xInvestigación. _993564 |
| 901 | _aBK | ||
| 942 | _cLIBRO | ||
| 949 |
_a546.02 B73 _bBC _cLIBRO _d33724002254207 _eLIBRO _h114798 _i112728 _sb |
||
| 999 |
_c101068 _d101068 |
||